000 00524nam a2200181Ia 4500
003 OSt
005 20230619112655.0
008 210423s2000 xx 000 0 und d
040 _cAL
041 _aeng
082 _a158.4
_223
_bDSOL
100 _aDSOUZA (Anthony).
_9109435
245 _aLeadership: a trilogy on leadership and effective management.
260 _aNew Delhi
_bSage Publications
_c2000
365 _b160
_cINR
906 _aeffective ; leadership ; Leadership: ; management. ; trilogy
942 _2ddc
_cBK
999 _c172540
_d172540